Normal view
MARC view
- Kulsoom Saifullah Khan
Entry Personal Name
001 - CONTROL NUMBER
- control field: 9584
003 - CONTROL NUMBER IDENTIFIER
- control field: NUST
005 - DATE AND TIME OF LATEST TRANSACTION
- control field: 20180123111403.0
008 - FIXED-LENGTH DATA ELEMENTS
- fixed length control field: 180123|| aca||aabn | a|a d
040 ## - CATALOGING SOURCE
- Original cataloging agency: NUST
- Transcribing agency: NUST
100 ## - HEADING--PERSONAL NAME
- Personal name: Kulsoom Saifullah Khan
670 ## - SOURCE DATA FOUND
- Source citation: Work cat.: (NUST)321797: Kulsoom Saifullah Khan, Meri Tanha Perwaz, 2011
